00558nmm a2200169Ia 4500008004100000020001800041041000800059100003300067245008200100264006000182300001800242490003100260650002200291856005100313942000700364999001700371251105s9999||||xx |||||||||||||||||und|| a9789587386769 aspa aBonnett Vélez, Diana (ed.) 0aUna obra para la historia : homenaje a Germán Colmenares :b Liber Amicorum a[Bogotá, Colombia] :bUniversidad del Rosario, c2015 a182 páginas aTextos de Ciencias Humanas aHistory (General) uhttps://public.digitaliapublishing.com/a/46547 cCF c95843d95843